| 000 | 00597cam a2200205 4500 | ||
|---|---|---|---|
| 001 | 1725500 | ||
| 005 | 20180202075209.0 | ||
| 008 | 740416s1973 wiua b 001 0 eng | ||
| 010 | _a 73086619 | ||
| 040 |
_aDLC _cDLC _dDLC |
||
| 041 | _aeng | ||
| 080 | _a633.34 | ||
| 082 | 0 | 0 | _a633.34 CAL |
| 100 | 1 | _a9 | |
| 101 | _aMJE | ||
| 245 | 1 | 0 |
_aSoybeans: improvement, production, and uses. _cEditor: B. E. Caldwell. Associate editors: R. W. Howell, R. W. Judd [and] H. W. Johnson. |
| 504 | _aIncludes bibliographies. | ||
| 906 |
_a7 _bcbc _corignew _d2 _eopcn _f19 _gy-gencatlg |
||
| 942 |
_2ddc _cBK |
||
| 999 |
_c41663 _d41663 |
||